'St Patrick's' St. Patrick's Day Words Quiz Stats

 Plays Quiz not verified by Sporcle

Score 0/20 Timer 04:00
0 Plays Today
Word with ONLY S, T, P, A, R, I, C, K Word % Correct
_ R _ _ _Green
90.3%
P _ T A T _Potato
90.3%
_ A R _ _March
89.4%
_ _ _ RBeer
86.7%
_ _ C KLuck
85.8%
P A R A _ _Parade
85.8%
_ _ _ _ I _Dublin
85.4%
C _ I C A _ _Chicago
85.4%
R A I _ _ _ _Rainbow
83.6%
S _ A K _Snake
83.6%
Word with ONLY S, T, P, A, R, I, C, K Word % Correct
_ _ _ I _ A _Holiday
81.9%
S _ A _ R _ C KShamrock
80.1%
_ _ P R _ C _ A _ _Leprechaun
79.6%
_ _ _ _ _ R A T I _ _Celebration
78.3%
_ A R _ Harp
77%
_ R _ _ A _ _Ireland
76.1%
_ _ _ _ R I C KLimerick
74.8%
_ I _Jig
73.9%
_ I _ _ _ _Fiddle
39.8%
_ _ I T _ _ / K I _ _ _ _ _United Kingdom
36.3%

You're not logged in!

Compare scores with friends on all Sporcle quizzes.
OR
Log In

Show Comments

Extras

Top Quizzes Today


Score Distribution

Your Account Isn't Verified!

In order to create a playlist on Sporcle, you need to verify the email address you used during registration. Go to your Sporcle Settings to finish the process.

Report this User

Report this user for behavior that violates our Community Guidelines.

Details: